000 00628nam a2200241Ia 4500
003 OSt
005 20220924131803.0
006 a|||||r|||| 00| 0
007 ta
008 220923b |||||||| |||| 00| 0 tel d
020 _c2.00
024 _a333888
037 _cTextual
040 _aARTS
_cARTS
_btel
041 _2tel
_atel
082 _aO35,2NAD,1, K6
100 _aAdivishnu
_9202862
245 0 _aIdi atmahatya
260 _aVijayawada
_bAdarsa Granthamandali
_c1966
650 _aTELUGU DRAMA
_9173432
942 _hO35,2NAD,1, K6
_cTEXL
_2CC
999 _c428184
_d428184